=LDR 00000nam 2200000 4500 =001 INLIS000000000044960 =005 20141208091948.0 =006 =007 =008 =020 ##$$a 979-758-483-6 =035 ##$$0010-121400000000110 =040 ##$$a NBPDMAT =082 ##$$a 500 =090 ##$$a 500 b Pla k =100 ##$$a Olatt, Richard =245 ##$$a Kehidupan sehari-hari dan kesehatan / $c Rochard Platt =260 ##$$a Bandung : $b Grafindo Media Pratama, $c 2007 =300 ##$$a 4 vol : $b ilus. ; $c 24 cm. =650 ##$$a Sains, Penemuan